| 000 | 00731nam a2200157 4500 | ||
|---|---|---|---|
| 005 | 20150413113726.0 | ||
| 008 | 150413b ag||||| |||| 00| 0 spa d | ||
| 050 | 0 | 4 |
_aGF125 _bS56 1968 |
| 110 | 1 |
_aInstituto Panamericano de Geografía e Historia. _bComisión de Geografia _d1966. |
|
| 245 | 0 | 0 |
_aSimposio de geografía urbana _b/ Instituto Panamericano de Geografía e Historia, Comision de Geografia |
| 260 |
_aBuenos Aires, Argentina : _bComité de Geografía Urbana de la Comisión de Geografía, _c1966. |
||
| 300 |
_a324 p. : _c20 cm. |
||
| 650 | 7 |
_2LEMB _aGeografía urbana _vCongreso _y1965-1969 _zAmérica |
|
| 710 | 1 |
_aBuenos Aires, Argentina. _bInstituto Panamericano de Geografía e Historia. _d1965-1969. |
|
| 942 |
_2lcc _cLIB |
||
| 999 |
_c90671 _d90671 |
||